| 000 | 01304nam a2200325Ia 4500 | ||
|---|---|---|---|
| 001 | ebr10225404 | ||
| 003 | CaPaEBR | ||
| 006 | m u | ||
| 007 | cr cn||||||||| | ||
| 008 | 070604s2008 njuaf sb 001 0 eng d | ||
| 010 | _z 2007023227 | ||
| 020 | _z9780470105283 (cloth) | ||
| 020 | _z0470105283 (cloth) | ||
| 040 |
_aCaPaEBR _cCaPaEBR |
||
| 035 | _a(OCoLC)608622331 | ||
| 050 | 1 | 4 |
_aTK7874.8 _b.M85 2008eb |
| 082 | 0 | 4 |
_a620.1/1 _222 |
| 245 | 0 | 0 |
_aMultiscale simulation methods for nanomaterials _h[electronic resource] / _cedited by Richard B. Ross, Sanat Mohanty. |
| 260 |
_aHoboken, N.J. : _bWiley-Interscience, _cc2008. |
||
| 300 |
_axiv, 275 p., [8] p. of plates : _bill. (some col.) |
||
| 504 | _aIncludes bibliographical references and index. | ||
| 533 |
_aElectronic reproduction. _bPalo Alto, Calif. : _cebrary, _d2009. _nAvailable via World Wide Web. _nAccess may be limited to ebrary affiliated libraries. |
||
| 650 | 0 |
_aMolecular electronics _xSimulation methods. |
|
| 650 | 0 | _aNanotechnology. | |
| 655 | 7 |
_aElectronic books. _2local |
|
| 700 | 1 |
_aRoss, Richard B., _d1958- |
|
| 700 | 1 | _aMohanty, Sanat S. | |
| 710 | 2 | _aebrary, Inc. | |
| 856 | 4 | 0 |
_uhttp://site.ebrary.com/lib/rucke/Doc?id=10225404 _zAn electronic book accessible through the World Wide Web; click to view |
| 999 |
_c27460 _d27460 |
||